00318pab a2200133 454500008004000000100001900040245004000059260000900099300001200108362001000120650001300130700002100143773002000164180718b2007 xxu||||| |||| 00| 0 eng d aRabindra Kumar aThe role of teachers in digital era c2007 ap.8-11. a9 Sep aTeachers aRoy, Shubhashish aUniversity News